000 00966cam a2200265 a 4500
001 15664242
005 20180824080613.0
008 090318s2009 nyu b 001 0 eng
010 _a 2009009838
020 _a9780814413562 (pbk.)
020 _a0814413560 (pbk.)
035 _a(OCoLC)ocn290435828
040 _aDLC
_cDLC
_dBTCTA
_dYDXCP
_dC#P
_dVP@
_dCUS
_dDLC
041 _aeng
060 4 _aQZ 201 F413s 2009
080 _a616.994
082 0 0 _a616.994
_222
100 1 _a6
101 _aKAN
245 1 0 _aSurviving the cancer system :
_cMark R. Fesen.
504 _aIncludes bibliographical references and index.
906 _a7
_bcbc
_corignew
_d1
_eecip
_f20
_gy-gencatlg
942 _2ddc
_cBK
999 _c47323
_d47323